[Event "Prague Summer op-B 9th"]
[Site "Prague"]
[Date "2022.08.07"]
[Round "3"]
[White "Goldmann, David"]
[Black "Podjavorinsky, Michal"]
[Result "1/2-1/2"]
[WhiteElo "1711"]
[BlackElo "1946"]
[PlyCount "174"]
[EventDate "2022.08.05"]
[EventType "swiss"]
[EventRounds "9"]
[EventCountry "CZE"]
[SourceTitle "EXT 2023"]
[Source "ChessBase"]
[SourceDate "2022.10.05"]
[SourceVersion "1"]
[SourceVersionDate "2022.10.05"]
[SourceQuality "1"]

1. e4 c5 2. Nc3 g6 3. g3 Bg7 4. Bg2 Nc6 5. Nge2 Rb8 6. a4 Nd4 7. d3 d6 8. Nxd4 cxd4 9. Ne2 Qc7 10. b3 e5 11. 0-0 Ne7 12. Bd2 0-0 13. c3 dxc3 14. Bxc3 Be6 15. Rb1 Rbc8 16. Qd2 Qd7 17. d4 Rfd8 18. Rfd1 exd4 19. Bxd4 Nc6 20. Bxg7 Kxg7 21. Nd4 Nxd4 22. Qxd4+ Kg8 23. Qxa7 Rc2 24. Qd4 Qc7 25. h4 h5 26. Qe3 Rc8 27. Rd3 Rc1+ 28. Rxc1 Qxc1+ 29. Kh2 Qb2 30. Rxd6 Qxb3 31. Qxb3 Bxb3 32. Rb6 Bxa4 33. Rxb7 Rc4 34. f3 Rc3 35. Rb8+ Kg7 36. Rd8 Bb5 37. Rd2 Bc4 38. Kg1 Ra3 39. Kf2 Rc3 40. f4 Ra3 41. Bf3 Be6 42. Be2 Rb3 43. Rd3 Rb2 44. Ke3 Bc4 45. Rd2 Rb3+ 46. Kf2 Bxe2 47. Rxe2 Kf6 48. Ra2 Rc3 49. Re2 Ra3 50. Re3 Ra2+ 51. Kf3 Ra1 52. Rd3 Re1 53. Re3 Ra1 54. Rb3 Re1 55. Rb2 Ra1 56. Rb6+ Kg7 57. Rb3 Re1 58. Re3 Ra1 59. Ke2 Ra2+ 60. Kd3 Kf6 61. Kd4 Ra4+ 62. Kc5 Ra5+ 63. Kd4 Ra4+ 64. Kd3 Ra3+ 65. Ke2 Ra2+ 66. Kf3 Ra1 67. g4 hxg4+ 68. Kxg4 Rg1+ 69. Rg3 Re1 70. e5+ Ke6 71. Kg5 Rf1 72. Rg4 Rf2 73. Rg1 Rf3 74. Kg4 Rf2 75. Ra1 Rg2+ 76. Kf3 Rh2 77. Ra6+ Ke7 78. Kg3 Rh1 79. Rf6 Rg1+ 80. Kh2 Rg4 81. Kh3 Rg1 82. Ra6 Kf8 83. Ra3 Ke7 84. Rg3 Rf1 85. Kg4 Ke6 86. Kg5 Rf2 87. Rg4 Rf1 1/2-1/2

[Event "GER-ch U12"]
[Site "Willingen"]
[Date "2021.08.27"]
[Round "7"]
[White "Muendoerfer, Sebastian"]
[Black "Goldmann, David"]
[Result "0-1"]
[WhiteElo "1176"]
[BlackElo "1629"]
[PlyCount "54"]
[EventDate "2021.08.22"]
[EventType "swiss"]
[EventRounds "9"]
[EventCountry "GER"]
[SourceTitle "EXT 2022"]
[Source "ChessBase"]
[SourceDate "2021.10.06"]
[SourceVersion "1"]
[SourceVersionDate "2021.10.06"]
[SourceQuality "1"]

1. d4 d5 2. c4 e6 3. Nc3 c5 4. cxd5 exd5 5. e4 dxe4 6. d5 Nf6 7. Bb5+ Bd7 8. Bg5 Bxb5 9. Bxf6 Qb6 10. Nxb5 Qxb5 11. Bc3 Nd7 12. Ne2 0-0-0 13. 0-0 Nb6 14. Nf4 Qd7 15. Qe2 Qf5 16. g3 Rg8 17. f3 Re8 18. Rfe1 e3 19. Bd2 Bd6 20. Ng2 exd2 21. Qxd2 Qf6 22. Rac1 Kb8 23. Nf4 Bxf4 24. gxf4 Qd4+ 25. Qxd4 cxd4 26. Rcd1 Rxe1+ 27. Rxe1 Nxd5 0-1

[Event "GER-ch U12"]
[Site "Willingen"]
[Date "2021.08.23"]
[Round "2"]
[White "Jahnz, Laurin"]
[Black "Goldmann, David"]
[Result "1/2-1/2"]
[WhiteElo "1546"]
[BlackElo "1629"]
[PlyCount "45"]
[EventDate "2021.08.22"]
[EventType "swiss"]
[EventRounds "9"]
[EventCountry "GER"]
[SourceTitle "EXT 2022"]
[Source "ChessBase"]
[SourceDate "2021.10.06"]
[SourceVersion "1"]
[SourceVersionDate "2021.10.06"]
[SourceQuality "1"]

1. e4 c5 2. c3 e6 3. d4 d5 4. exd5 Qxd5 5. Nf3 cxd4 6. Qxd4 Nf6 7. Qxd5 Nxd5 8. Bc4 Nb6 9. Bb5+ Bd7 10. Bxd7+ N8xd7 11. 0-0 f6 12. Re1 Kf7 13. Nbd2 Nc5 14. Nb3 Nxb3 15. axb3 a6 16. Be3 Nd5 17. Rad1 Be7 18. Nd4 Bc5 19. Nf5 Nxe3 20. Nxe3 Rad8 21. Nc4 Rhe8 22. b4 Bf8 23. f4 1/2-1/2

[Event "GER-chT U10"]
[Site "Magdeburg"]
[Date "2021.08.08"]
[Round "6.1"]
[White "Goldmann, David"]
[Black "Shen, Tingrui"]
[Result "1-0"]
[WhiteElo "1629"]
[BlackElo "1561"]
[PlyCount "69"]
[EventDate "2021.08.06"]
[EventType "team-swiss"]
[EventRounds "7"]
[EventCountry "GER"]
[SourceTitle "EXT 2022"]
[Source "ChessBase"]
[SourceDate "2021.10.06"]
[SourceVersion "1"]
[SourceVersionDate "2021.10.06"]
[SourceQuality "1"]
[WhiteTeam "Hamburger SK"]
[BlackTeam "Tegernsee"]
[WhiteTeamCountry "GER"]
[BlackTeamCountry "GER"]

1. e4 c5 2. Nc3 Nc6 3. g3 g6 4. Bg2 Bg7 5. Nge2 e6 6. 0-0 Nge7 7. d3 0-0 8. Be3 d6 9. Qd2 Rb8 10. a4 a6 11. Bh6 b5 12. Bxg7 Kxg7 13. axb5 axb5 14. d4 e5 15. d5 Nd4 16. Nxd4 exd4 17. Ne2 f5 18. c3 dxc3 19. Qxc3+ Kg8 20. e5 b4 21. Qc4 Bb7 22. Nf4 Qb6 23. Rfe1 Ra8 24. exd6 Qxd6 25. Ne6 Rfc8 26. Rxa8 Bxa8 27. Nf4 Kh8 28. Re6 Qd7 29. d6 Nc6 30. Qe2 Nd4 31. Qe5+ Qg7 32. Re8+ Rxe8 33. Qxe8+ Qg8 34. Qxa8 Qxa8 35. Bxa8 1-0

[Event "GER-chT U10"]
[Site "Magdeburg"]
[Date "2021.08.06"]
[Round "1.1"]
[White "Roos Nazario, Valentin1111"]
[Black "Goldmann, David"]
[Result "1-0"]
[WhiteElo "1204"]
[BlackElo "1629"]
[PlyCount "87"]
[EventDate "2021.08.06"]
[EventType "team-swiss"]
[EventRounds "7"]
[EventCountry "GER"]
[SourceTitle "EXT 2022"]
[Source "ChessBase"]
[SourceDate "2021.10.06"]
[SourceVersion "1"]
[SourceVersionDate "2021.10.06"]
[SourceQuality "1"]
[WhiteTeam "Fritzdorf"]
[BlackTeam "Hamburger SK"]
[WhiteTeamCountry "GER"]
[BlackTeamCountry "GER"]

1. e4 e5 2. Nf3 Nc6 3. Bb5 Bc5 4. 0-0 Nge7 5. c3 0-0 6. d4 exd4 7. cxd4 Bb6 8. d5 a6 9. Ba4 Na7 10. Nc3 d6 11. Bc2 c6 12. Bf4 Ng6 13. Bg3 Bc7 14. Qd2 Nb5 15. Nxb5 axb5 16. dxc6 bxc6 17. Rfd1 Be6 18. Bxd6 Bxd6 19. Qxd6 Qxd6 20. Rxd6 Bxa2 21. h3 c5 22. Rc6 c4 23. Rb6 Ra5 24. Bb1 Rfa8 25. Rxa2 Rxa2 26. Bxa2 Rxa2 27. Rxb5 Kf8 28. g3 Ke7 29. Kg2 Kd6 30. h4 Kc6 31. Nd4+ Kd6 32. h5 Ne7 33. Kf3 g6 34. hxg6 hxg6 35. Ke3 Nc6 36. Rb6 Kc5 37. Rxc6+ Kb4 38. Rb6+ Kc5 39. Rb5+ Kd6 40. Kd2 Ra4 41. Kc3 Ra1 42. Kxc4 Rc1+ 43. Kd3 Rd1+ 44. Ke3 1-0

[Event "GER-ch U10"]
[Site "Willingen"]
[Date "2020.10.29"]
[Round "4"]
[White "Goldmann, David"]
[Black "Xue, Luka"]
[Result "1-0"]
[WhiteElo "1644"]
[BlackElo "1473"]
[PlyCount "71"]
[EventDate "2020.10.26"]
[EventType "swiss"]
[EventRounds "7"]
[EventCountry "GER"]
[SourceTitle "CBM 199 Extra"]
[Source "ChessBase"]
[SourceDate "2021.01.31"]
[SourceVersion "1"]
[SourceVersionDate "2021.01.31"]
[SourceQuality "1"]

1. Nf3 d5 2. d4 Nf6 3. c4 c6 4. e3 e6 5. Nc3 Nbd7 6. cxd5 exd5 7. Bd3 Bd6 8. 0-0 0-0 9. Qc2 Re8 10. Ne2 Qc7 11. Ng3 Nb6 12. b3 Bg4 13. Ne5 g6 14. f4 Rac8 15. h3 Bd7 16. Bb2 c5 17. Rac1 a6 18. Qe2 Re7 19. dxc5 Bxe5 20. cxb6 Qxc1 21. Bxc1 Bd4 22. exd4 Rxe2 23. Nxe2 Ne4 24. Be3 f5 25. Rc1 Kf7 26. Rc7 Rxc7 27. bxc7 Ke7 28. Bxe4 dxe4 29. Bd2 b6 30. Bb4+ Ke6 31. Nc3 Bc8 32. d5+ Kd7 33. d6 a5 34. Ba3 Ba6 35. Nd5 b5 36. Nb6+ 1-0

[Event "GER-ch U10"]
[Site "Willingen"]
[Date "2020.10.27"]
[Round "1"]
[White "Huang, Luca Hanson"]
[Black "Goldmann, David"]
[Result "0-1"]
[WhiteElo "1570"]
[BlackElo "1644"]
[PlyCount "72"]
[EventDate "2020.10.26"]
[EventType "swiss"]
[EventRounds "7"]
[EventCountry "GER"]
[SourceTitle "CBM 199 Extra"]
[Source "ChessBase"]
[SourceDate "2021.01.31"]
[SourceVersion "1"]
[SourceVersionDate "2021.01.31"]
[SourceQuality "1"]

1. d4 d5 2. Bf4 Nf6 3. e3 c5 4. c3 Nc6 5. Bd3 Qb6 6. Qb3 c4 7. Qxb6 axb6 8. Bc2 b5 9. Nd2 e6 10. Ngf3 b4 11. 0-0 bxc3 12. bxc3 b5 13. Ne5 Bd7 14. Rfb1 Nxe5 15. Bxe5 Be7 16. a4 bxa4 17. Rb7 a3 18. Bb1 Bc8 19. Rb5 0-0 20. Ba2 Ng4 21. Bg3 h5 22. h3 Nh6 23. Nf3 Nf5 24. Bh2 f6 25. Rab1 Bd7 26. Rb7 Bc6 27. Rc7 Ba4 28. g4 Bd6 29. Rcb7 Bxh2+ 30. Kxh2 Nd6 31. R7b6 Ne4 32. Rc1 hxg4 33. hxg4 Nxf2 34. Kg3 Ne4+ 35. Kg2 Rfb8 36. Rxe6 Rb2+ 0-1

[Event "DSOL 06 Liga Gr-B 1st"]
[Site "Playchess.com INT"]
[Date "2020.06.26"]
[Round "1.1"]
[White "Goldmann, David"]
[Black "Struck, Lasse"]
[Result "1-0"]
[WhiteElo "1731"]
[BlackElo "1805"]
[PlyCount "75"]
[EventDate "2020.06.22"]
[EventType "team-tourn (rapid)"]
[EventCountry "GER"]
[SourceTitle "EXT 2021"]
[Source "ChessBase"]
[SourceDate "2020.10.23"]
[SourceVersion "1"]
[SourceVersionDate "2020.10.23"]
[SourceQuality "1"]
[WhiteTeam "Hamburger SK VII"]
[BlackTeam "Essen Katernberg II"]
[WhiteTeamCountry "GER"]
[BlackTeamCountry "GER"]

1. e4 c5 2. Nc3 e6 3. g3 Nc6 4. Bg2 Nge7 5. Nge2 g6 6. 0-0 Bg7 7. d3 0-0 8. Be3 Nd4 9. f4 d6 10. g4 f5 11. g5 Nec6 12. h4 Nxe2+ 13. Qxe2 Nd4 14. Qd1 Rb8 15. Rb1 b5 16. Ne2 Nxe2+ 17. Qxe2 a5 18. c3 b4 19. Qd2 Bb7 20. Rbd1 Qe7 21. Qc2 Rbc8 22. Rf2 Kh8 23. Rfd2 d5 24. e5 d4 25. Bf2 dxc3 26. bxc3 Bxg2 27. Kxg2 Rfd8 28. c4 Bf8 29. d4 cxd4 30. Rxd4 Rxd4 31. Rxd4 Qb7+ 32. Kg3 Bc5 33. Rd1 Bxf2+ 34. Kxf2 Qb6+ 35. Kf3 Qc6+ 36. Kg3 Qxc4 37. Rd8+ Kg7 38. Rxc8 1-0

[Event "Blankenese op 3rd"]
[Site "Hamburg"]
[Date "2019.10.04"]
[Round "4"]
[White "Braun, Julian1111"]
[Black "Goldmann, David"]
[Result "0-1"]
[WhiteElo "1254"]
[BlackElo "1659"]
[PlyCount "134"]
[EventDate "2019.10.03"]
[EventType "swiss"]
[EventRounds "7"]
[EventCountry "GER"]
[SourceTitle "EXT 2023"]
[Source "ChessBase"]
[SourceDate "2022.10.05"]
[SourceVersion "1"]
[SourceVersionDate "2022.10.05"]
[SourceQuality "1"]

1. e4 c5 2. Nf3 e6 3. c3 Nc6 4. d4 cxd4 5. cxd4 Bb4+ 6. Nc3 d5 7. e5 Nge7 8. Bg5 Qa5 9. Qd2 h6 10. Bh4 Nf5 11. h3 Qb6 12. a3 Be7 13. Bxe7 Nfxe7 14. Na4 Qa5 15. Qxa5 Nxa5 16. Nc5 b6 17. Bb5+ Kd8 18. Na4 Bd7 19. Bxd7 Kxd7 20. 0-0 Rhc8 21. Nd2 Nf5 22. Nf3 Nb3 23. Rad1 Rc4 24. Nc3 Nbxd4 25. Nxd4 Rxd4 26. Rxd4 Nxd4 27. Rd1 Nc6 28. Nb5 Nxe5 29. f4 Nc4 30. b3 Nd6 31. Nd4 Rc8 32. Rd3 Rc1+ 33. Kh2 Ne4 34. Ne2 Rc2 35. Nd4 Rc3 36. Rxc3 Nxc3 37. g4 Kd6 38. b4 a6 39. Kg3 Nb5 40. Nxb5+ axb5 41. Kf3 e5 42. f5 e4+ 43. Kf4 f6 44. h4 Ke7 45. Ke3 Kd6 46. Kf4 Ke7 47. Ke3 Kf7 48. h5 Ke7 49. Kf2 Kd6 50. Ke3 Ke5 51. Kd2 d4 52. Ke2 Kf4 53. Kd2 Kf3 54. Kc2 e3 55. Kd3 e2 56. Kxd4 e1Q 57. Kd5 Qe4+ 58. Kd6 Ke3 59. Kc7 Qd4 60. Kb7 Ke4 61. Kc6 Ke5 62. Kxb5 Kd5 63. Ka6 Qc4+ 64. Kxb6 Qc6+ 65. Ka5 Kc4 66. a4 Qb7 67. b5 Qa7# 0-1

[Event "Blankenese op 3rd"]
[Site "Hamburg"]
[Date "2019.10.04"]
[Round "3"]
[White "Goldmann, David"]
[Black "Wennmann, Thorsten"]
[Result "0-1"]
[WhiteElo "1659"]
[BlackElo "1872"]
[PlyCount "64"]
[EventDate "2019.10.03"]
[EventType "swiss"]
[EventRounds "7"]
[EventCountry "GER"]
[SourceTitle "EXT 2023"]
[Source "ChessBase"]
[SourceDate "2022.10.05"]
[SourceVersion "1"]
[SourceVersionDate "2022.10.05"]
[SourceQuality "1"]

1. e4 c5 2. Nc3 Nc6 3. g3 g6 4. Bg2 Bg7 5. Nge2 d6 6. 0-0 e6 7. d3 Nge7 8. Be3 Nd4 9. f4 Rb8 10. a4 a6 11. Qd2 0-0 12. e5 Nef5 13. Rac1 dxe5 14. fxe5 Bxe5 15. Bf4 Nxe2+ 16. Nxe2 Bxf4 17. Qxf4 Qd6 18. Qd2 Bd7 19. g4 Nd4 20. Ng3 Bc6 21. Qh6 f5 22. c3 Bxg2 23. Kxg2 Qd5+ 24. Kf2 fxg4+ 25. Ke1 Rxf1+ 26. Nxf1 Nf3+ 27. Ke2 Qe5+ 28. Ne3 Rf8 29. Rf1 Qxh2+ 30. Qxh2 Nxh2 31. Rg1 h5 32. Rg2 Nf3 0-1

[Event "Pardubice Czech op-D 30th"]
[Site "Pardubice"]
[Date "2019.07.22"]
[Round "3"]
[White "Goldmann, David"]
[Black "Fiala, Jan2222"]
[Result "0-1"]
[WhiteElo "1403"]
[BlackElo "1641"]
[PlyCount "98"]
[EventDate "2019.07.20"]
[EventType "swiss"]
[EventRounds "9"]
[EventCountry "CZE"]
[SourceTitle "EXT 2020"]
[Source "ChessBase"]
[SourceDate "2019.10.17"]
[SourceVersion "1"]
[SourceVersionDate "2019.10.17"]
[SourceQuality "1"]

1. e4 c6 2. Nf3 d5 3. exd5 cxd5 4. d4 Bg4 5. Bb5+ Nd7 6. h3 Bh5 7. g4 Bg6 8. Ne5 Ngf6 9. Bg5 Qa5+ 10. Nc3 Kd8 11. Nxg6 hxg6 12. Bxd7 Kxd7 13. Bxf6 gxf6 14. Qf3 Kc6 15. Rb1 Rd8 16. b4 Qa3 17. b5+ Kd7 18. Ke2 Ke8 19. Rb3 Qd6 20. b6 a6 21. Na4 Qc6 22. Nc5 e5 23. Nxb7 e4 24. Qf4 Qxb7 25. Qxf6 Rh7 26. Rc3 Be7 27. Qc6+ Qxc6 28. Rxc6 Rb8 29. Rb1 Kd7 30. Rc7+ Kd8 31. Ra7 Rxh3 32. Rxa6 Rc3 33. Kd2 Rc4 34. c3 Rc6 35. a4 Rf6 36. Ke3 Rf3+ 37. Ke2 Rxc3 38. Ra7 Rc4 39. Rh1 Ke8 40. a5 Rc2+ 41. Kd1 Rxf2 42. b7 Kd7 43. a6 Bf6 44. Ra8 Kc7 45. a7 Rxb7 46. Rc8+ Kxc8 47. a8Q+ Kc7 48. Qa5+ Kb8 49. Kc1 Bg5+ 0-1

[Event "GER-chT U10"]
[Site "Magdeburg"]
[Date "2018.12.29"]
[Round "7.3"]
[White "Goldmann, David"]
[Black "Elgeti, Jonas"]
[Result "1-0"]
[WhiteElo "1384"]
[BlackElo "1234"]
[PlyCount "71"]
[EventDate "2018.12.27"]
[EventType "team-swiss"]
[EventRounds "7"]
[EventCountry "GER"]
[SourceTitle "CBM 188 Extra"]
[Source "ChessBase"]
[SourceDate "2019.02.26"]
[SourceVersion "1"]
[SourceVersionDate "2019.02.26"]
[SourceQuality "1"]
[WhiteTeam "Hamburger SK"]
[BlackTeam "Bemerode"]
[WhiteTeamCountry "GER"]
[BlackTeamCountry "GER"]

1. e4 e5 2. Nf3 Nc6 3. d4 exd4 4. Nxd4 Nf6 5. Nxc6 bxc6 6. Bd3 d5 7. e5 Nd7 8. 0-0 Nxe5 9. Re1 Bc5 10. Rxe5+ Be6 11. Re1 Qf6 12. Rf1 0-0 13. Nc3 Rab8 14. Bd2 Rfe8 15. Qh5 h6 16. Qd1 Bd6 17. b3 Be5 18. Ne2 Bxa1 19. Qxa1 Qxa1 20. Rxa1 c5 21. Ba5 c4 22. bxc4 dxc4 23. Be4 Bd7 24. Ng3 c6 25. Rd1 f5 26. Bf3 Rb5 27. Bc3 Re7 28. h3 a5 29. a4 Rb7 30. Bxa5 Ra7 31. Bb4 Re8 32. Bc5 Rc7 33. a5 Ra8 34. Bb6 Rb7 35. Rd4 Kf7 36. Rxc4 1-0

[Event "Blankenese op 2nd"]
[Site "Hamburg"]
[Date "2018.10.02"]
[Round "6.38"]
[White "Goldmann, David"]
[Black "Malinowsky, Celina"]
[Result "1-0"]
[WhiteElo "1349"]
[BlackElo "1153"]
[PlyCount "85"]
[EventDate "2018.09.29"]
[EventType "swiss"]
[EventRounds "7"]
[EventCountry "GER"]
[SourceTitle "EXT 2020"]
[Source "ChessBase"]
[SourceDate "2019.10.17"]
[SourceVersion "1"]
[SourceVersionDate "2019.10.17"]
[SourceQuality "1"]

1. e4 e5 2. Nf3 Nc6 3. Bb5 d6 4. 0-0 Nf6 5. Nc3 Be6 6. d4 exd4 7. Nxd4 Bd7 8. Bxc6 Bxc6 9. Bd2 Nxe4 10. Nxe4 Bxe4 11. Re1 c5 12. Rxe4+ Be7 13. Nf5 g6 14. Nxe7 Kf8 15. Bh6+ Ke8 16. Nxg6+ Kd7 17. Ne5+ Kc7 18. Nxf7 Qf6 19. Rf4 Qg6 20. Qe2 Rae8 21. Qd3 Qe6 22. Nxh8 Qxh6 23. Rf7+ Kd8 24. Rxh7 Qf6 25. Nf7+ Kd7 26. Qb5+ Kc7 27. Rf1 Rg8 28. Nh6+ Rg7 29. Rxg7+ Qxg7 30. Nf5 Qf6 31. Ng3 a6 32. Qb3 b5 33. c4 b4 34. a3 a5 35. Rd1 Qe7 36. Nf5 Qe6 37. Nxd6 Kd7 38. Nb7+ Kc7 39. Nxc5 Qe7 40. axb4 axb4 41. Qxb4 Kc6 42. Qb5+ Kc7 43. Qb7# 1-0

[Event "Blankenese op 2nd"]
[Site "Hamburg"]
[Date "2018.09.30"]
[Round "4.36"]
[White "Goldmann, David"]
[Black "Hinrichs, Winfried"]
[Result "1/2-1/2"]
[WhiteElo "1349"]
[BlackElo "1615"]
[PlyCount "43"]
[EventDate "2018.09.29"]
[EventType "swiss"]
[EventRounds "7"]
[EventCountry "GER"]
[SourceTitle "EXT 2020"]
[Source "ChessBase"]
[SourceDate "2019.10.17"]
[SourceVersion "1"]
[SourceVersionDate "2019.10.17"]
[SourceQuality "1"]

1. e4 c5 2. Nc3 d6 3. d3 Nf6 4. Nge2 g6 5. g3 Bg7 6. Bg2 0-0 7. 0-0 Nbd7 8. f4 e5 9. fxe5 dxe5 10. Bg5 h6 11. Bxf6 Nxf6 12. Qd2 Be6 13. Na4 b6 14. Nac3 Qd7 15. Rf2 Rad8 16. Raf1 Ne8 17. Nd1 Nc7 18. Ndc3 c4 19. Nc1 cxd3 20. Nxd3 Bc4 21. Rd1 Bxd3 22. Qxd3 1/2-1/2